| Tag |
First Indicator |
Second Indicator |
Subfields |
| LEADER |
00000cam a2200000 a 4500 |
| 001 |
in00000957607 |
| 005 |
20150926133418.0 |
| 007 |
hd afv|||baca |
| 008 |
850617s1657 miuc a 00010 eng d |
| 035 |
|
|
|a (OCoLC)12165179
|
| 035 |
|
|
|9 AEU0432AM
|
| 037 |
|
|
|a CL0037000003
|b UMI
|
| 037 |
|
|
|b University Microfilms International, 300 N. Zeeb Rd., Ann Arbor, MI 48106
|
| 040 |
|
|
|a EAA
|c EAA
|d m/c
|d UtOrBLW
|
| 049 |
|
|
|a TXAI
|
| 099 |
|
|
|a film
|a B
|a 3609
|
| 100 |
1 |
|
|a Middleton, Thomas,
|d -1627.
|
| 245 |
1 |
0 |
|a No wit, [no] help like a womans :
|b a comedy /
|c by Tho. Middleton, Gent.
|
| 264 |
|
3 |
|a London :
|b Printed for Humphrey Moseley ...,
|c 1657.
|
| 300 |
|
|
|a 1 unnumbered page, 117 pages, 21 unnumbered pages :
|b portrait
|
| 336 |
|
|
|a text
|b txt
|2 rdacontent
|
| 337 |
|
|
|a microform
|b h
|2 rdamedia
|
| 338 |
|
|
|a microfilm reel
|b hd
|2 rdacarrier
|
| 500 |
|
|
|a Advertisements: pages [2]-[21] at end.
|
| 500 |
|
|
|a Reproduction of original in Huntington Library.
|
| 510 |
4 |
|
|a Wing
|c M1985
|
| 533 |
|
|
|a Microfilm.
|b Ann Arbor, Mich. :
|c University Microfilms,
|d 1963.
|e 1 microfilm reel ; 35 mm.
|f (Early English books, 1641-1700 ; 111:12)
|
| 500 |
|
|
|a Microform.
|
| 740 |
0 |
|
|a No wit like a womans.
|
| 740 |
0 |
|
|a No help like a womans.
|
| 740 |
0 |
|
|a No wit, help like a womans.
|
| 830 |
|
0 |
|a Early English books, 1641-1700 ;
|v 111:12.
|
| 999 |
|
|
|a MARS
|
| 999 |
f |
f |
|s ff7d98a7-38f1-322a-a1da-836c08e8d92c
|i 023b894d-b259-3d2a-820b-ee8ed99673d6
|t 0
|
| 952 |
f |
f |
|p default
|a Texas A&M University
|b College Station
|c Sterling C. Evans Library
|d Evans: Microforms (3rd floor)
|t 0
|e film B 3609 111:12
|h Other scheme
|i microform -- microfilm reel
|
| 998 |
f |
f |
|a film B 3609 111:12
|t 0
|l Evans: Microforms (3rd floor)
|